| 000 | 00736nam a2200193Ia 4500 | ||
|---|---|---|---|
| 003 | GCL | ||
| 005 | 20240530094953.0 | ||
| 008 | 140319s9999 xx 000 0 ara d | ||
| 040 |
_aGCL / _cGCL |
||
| 082 | 0 | 4 |
_a239 _bهـ م |
| 100 | 1 | _aابى محمد عبدالملك بن هشام المعافرى | |
| 245 | 1 | 0 |
_aمختصر سيرة ابن هشام / _cابى محمد عبدالملك بن هشام المعافرى |
| 260 |
_aالقاهرة : _bالمجلس الاعلى الشئون الاسلامية ، _c2000 |
||
| 300 |
_aاجزاء ؛ _c25 سم |
||
| 650 | 0 | 4 | _aالسيرة النبوية |
| 650 | 0 | 4 | _aابناء الرسول |
| 650 | 0 | 4 | _aاهل بيت الرسول صلى الله عليه وسلم |
| 942 |
_2ddc _cBK |
||
| 999 |
_c2830 _d2830 |
||